000 00435nam a2200181Ia 4500
001 10342
005 20260306161825.0
008 260306t2003||||xx |||||||||||||| ||spa||
041 _aESP
082 _a920.078
_bF96
100 _aAlvarenga, Teresa (coord.)
_eAUT
245 0 _aPara conocer a Teresa Carreño
260 _c2003
300 _a79 páginas :
_c22 cm.
650 _aGEN
654 _aCHU
942 _cLIB
_dJUS
_fJUS
_2ddc
_n
999 _c10342
_d10342